000 00711nam a22001577a 4500
003 macl
005 20241018152035.0
008 241018b |||||||| |||| 00| 0 eng d
040 _cmacl
082 _a001
100 _aसुशील सिंह,संजीव दीक्षित,दीपाली, राजीव पाण्‍डेय
_982518
245 _aजेल प्रहरी वन विभाग के अन्‍तर्गत वनरक्षक क्षेत्ररक्षक भर्ती परीक्षा 2025
260 _aदिल्‍ली
_bअरिहन्‍त
_c2024
650 _aसामान्‍य ज्ञान
942 _2ddc
_cC. BOOKS
999 _c67055
_d67055